logo

Bir Sreshtho Munshi Abdur Rouf Library
Jhenaidah Cadet College

আমি নারী আমি মুক্তিযোদ্ধা / (Record no. 5720)

MARC details
000 -LEADER
fixed length control field 00815nam a2200277 a 4500
001 - CONTROL NUMBER
JCCL Control Number 5720
003 - CONTROL NUMBER IDENTIFIER
JCCL marc code BD-JCC
005 - DATE AND TIME OF LATEST TRANSACTION
control field 20171221200545.0
008 - FIXED-LENGTH DATA ELEMENTS--GENERAL INFORMATION
fixed length control field 860101s2004 bg a a 000 0 ben d
020 ## - INTERNATIONAL STANDARD BOOK NUMBER
International Standard Book Number 9848683062
035 ## - SYSTEM CONTROL NUMBER
system control number (BD-JCC)5720
040 ## - CATALOGING SOURCE
Original cataloging agency BD-JhCC
Modifying agency BD-JhCC
041 ## - LANGUAGE CODE
Language code of Book ben
082 ## - DEWEY DECIMAL CLASSIFICATION NUMBER
Author mark and Year AMI 2004
Classification number 305.4095492
245 10 - TITLE STATEMENT
Title আমি নারী আমি মুক্তিযোদ্ধা /
Statement of responsibility, etc সেলিম হোসেন
260 ## - PUBLICATION, DISTRIBUTION, ETC. (IMPRINT)
Place of publication, distribution, etc ঢাকা :
Name of publisher, distributor, etc অন্য প্রকাশ,
Date of publication, distribution, etc 2004.
300 ## - PHYSICAL DESCRIPTION
Pagination 141 p. :
Other physical details ill. ;
Dimensions 22 cm
490 1# - SERIES STATEMENT
Series statement Modern certificate guides
490 1# - SERIES STATEMENT
Series statement Oxford in Asia
650 #0 - SUBJECT ADDED ENTRY--TOPICAL TERM
Topical term or geographic name as entry element Women
700 1# - ADDED ENTRY--PERSONAL NAME
Personal name হোসেন, সেলিম
830 #0 - SERIES ADDED ENTRY--UNIFORM TITLE
Uniform title Modern certificate guides
830 #0 - SERIES ADDED ENTRY--UNIFORM TITLE
Uniform title Oxford in Asia
942 ## - ADDED ENTRY ELEMENTS (KOHA)
Source of classification or shelving scheme Dewey Decimal Classification
Koha item type Books
Holdings
Source of classification or shelving scheme Damaged status Not for loan Home library Current library Shelving location Date of accession Cost, normal purchase price Total Checkouts Full call number Barcode Date last seen Copy number Koha item type
Dewey Decimal Classification     JCC Rouf Library JCC Rouf Library General Stacks 12/20/2017 180.00   305.4095492 AMI 2004 5 12/20/2017 C - 1 Books
Dewey Decimal Classification     JCC Rouf Library JCC Rouf Library General Stacks 12/20/2017 180.00   305.4095492 AMI 2004 6 12/20/2017 C - 1 Books

JCC Library | Contacts | JCC Home

Last Update on 23 September 2017
Copyright @ 2017-2020 JCC Rouf Library
Rouf Library, Jhenidah Cadet College (JCC), Bangladesh